Statistiken für Alle Formel 1 Weltmeister

Klicken Sie hier um das Quiz zu spielen!

Allgemein

  • Dieses Quiz wurde 180 mal gespielt
  • Das Durchschnittsergebnis liegt bei 56 aus 74

Antwortstatistiken

JahrWeltmeisterLandTeam% Korrekt
2010Sebastian VettelDeutschlandRed Bull
100%
2011Sebastian VettelDeutschlandRed Bull
100%
2012Sebastian VettelDeutschlandRed Bull
100%
2013Sebastian VettelDeutschlandRed Bull
100%
2015Lewis HamiltonGroßbritannienMercedes-AMG
99%
2008Lewis HamiltonGroßbritannienMcLaren
99%
2014Lewis HamiltonGroßbritannienMercedes-AMG
99%
2017Lewis HamiltonGroßbritannienMercedes-AMG
99%
2018Lewis HamiltonGroßbritannienMercedes-AMG
99%
2019Lewis HamiltonGroßbritannienMercedes-AMG
99%
2020Lewis HamiltonGroßbritannienMercedes-AMG
99%
2000Michael SchumacherDeutschlandFerrari
99%
2004Michael SchumacherDeutschlandFerrari
99%
1995Michael SchumacherDeutschlandBenetton
99%
2001Michael SchumacherDeutschlandFerrari
99%
1994Michael SchumacherDeutschlandBenetton
99%
2002Michael SchumacherDeutschlandFerrari
99%
2003Michael SchumacherDeutschlandFerrari
99%
2023Max VerstappenNiederlandeRed Bull
98%
2022Max VerstappenNiederlandeRed Bull
98%
2021Max VerstappenNiederlandeRed Bull
98%
1982Keke RosbergFinnlandWilliams
96%
2016Nico RosbergDeutschlandMercedes-AMG
96%
2005Fernando AlonsoSpanienRenault
95%
2006Fernando AlonsoSpanienRenault
95%
1988Ayrton SennaBrasilienMcLaren
89%
1991Ayrton SennaBrasilienMcLaren
89%
1990Ayrton SennaBrasilienMcLaren
89%
1984Niki LaudaÖsterreichMcLaren
89%
1977Niki LaudaÖsterreichFerrari
89%
1975Niki LaudaÖsterreichFerrari
89%
2007Kimi RäikkönenFinnlandFerrari
82%
1985Alain ProstFrankreichMcLaren
81%
1986Alain ProstFrankreichMcLaren
81%
1989Alain ProstFrankreichMcLaren
81%
1993Alain ProstFrankreichWilliams
81%
2009Jenson ButtonGroßbritannienBrawn GP
81%
1998Mika HäkkinenFinnlandMcLaren
81%
1999Mika HäkkinenFinnlandMcLaren
81%
1996Damon HillGroßbritannienWilliams
73%
1968Graham HillGroßbritannienLotus
73%
1962Graham HillGroßbritannienBRM
73%
1961Phil HillVereinigte StaatenFerrari
73%
1955Juan Manuel FangioArgentinien-
70%
1957Juan Manuel FangioArgentinien-
70%
1951Juan Manuel FangioArgentinien-
70%
1956Juan Manuel FangioArgentinien-
70%
1954Juan Manuel FangioArgentinien-
70%
1997Jacques VilleneuveKanadaWilliams
69%
1983Nelson PiquetBrasilienBrabham
63%
1981Nelson PiquetBrasilienBrabham
63%
1987Nelson PiquetBrasilienWilliams
63%
1974Emerson FittipaldiBrasilienMcLaren
60%
1972Emerson FittipaldiBrasilienLotus
60%
1992Nigel MansellGroßbritannienWilliams
60%
1970Jochen RindtÖsterreichLotus
58%
1953Alberto AscariItalien-
55%
1952Alberto AscariItalien-
55%
1969Jackie StewartGroßbritannienMatra
55%
1971Jackie StewartGroßbritannienTyrrell
55%
1973Jackie StewartGroßbritannienTyrrell
55%
1976James HuntGroßbritannienMcLaren
54%
1966Jack BrabhamAustralienBrabham
53%
1960Jack BrabhamAustralienCooper
53%
1959Jack BrabhamAustralienCooper
53%
1979Jody ScheckterSüdafrikaFerrari
51%
1950Giuseppe FarinaItalien-
50%
1980Alan JonesAustralienWilliams
41%
1978Mario AndrettiVereinigte StaatenLotus
41%
1963Jim ClarkGroßbritannienLotus
40%
1965Jim ClarkGroßbritannienLotus
40%
1964John SurteesGroßbritannienFerrari
37%
1958Mike HawthornGroßbritannienFerrari
35%
1967Denny HulmeNeuseelandBrabham
33%

Verteilung der Resultate

Perzentil nach korrekt beantworteten Fragen

Anzahl Personen mit jedem Resultat

Ihre Resultats-Entwicklung

Sie haben dieses Quiz noch nicht gespielt